| 000 | 00521nam a2200169 a 4500 | ||
|---|---|---|---|
| 001 | 9315 | ||
| 003 | CO-ViMGA | ||
| 008 | 141112s2004 ck r 000 u spa d | ||
| 040 |
_aCO-ViMGA _bspa _cCO-ViMGA |
||
| 082 | 0 | 4 | _a340.56 M753 |
| 100 | 1 |
_aMonroy Cabrera ; Marco Gerardo, _910066 |
|
| 245 | 1 | 0 |
_aDerecho Proceso Civil : _bparte especial. |
| 260 |
_aMedellĂn : _bBiblioteca Juridica Dila, _c1995 |
||
| 300 | _a4339. | ||
| 650 | 1 | 4 |
_aPROCESO DE SUCESION, EXPROPIACION, LIQUIDACION DE SOCIEDADES _910067 |
| 942 |
_2ddc _cBK |
||
| 999 |
_c20847 _d20847 |
||